00508nam a2200169 a 450000100060000000300090000600800410001502000150005604000280007108200140009910000230011324500880013626000460022430000110027065000230028165000340030418658CO-ViMGA141112s2004 ck r 000 u spa d a8483072327 aCO-ViMGAbspacCO-ViMGA04a909 G651b1 aGombrich, Ernst H.10aBreve historia del mundo . El recuerdo nos sirve para proyectar luz sobre el pasado aBarcelona (España), cPeninsula, c2001 a310.p.14aHISTORIA UNIVERSAL14aINVENTOS - CRITICA E HISTORIA